01007nac a22002411u 4500010001500000020001500015035002000030082001800050090001500068100003400083245018000117260006300297300003300360504005100393650001900444650003100463650002300494650001800517700003700535942002000572999001500592952015800607 a2003048876 a0443071322 a(DNLM)10117463200a615.321bH469 c1621d1621 a20080729 00aFundamentals of pharmacognosy and phytotherapy /cMichael Heinrich ... [et al.] ; foreword, A. Douglas Kinghorn ; epilogue, J. David Phillipson ; illustrated by Simon Gibbons. aEdinburgh ;aNew York :bChurchill Livingstone,2004c2004. aix, 309 p. :bill. ;c25 cm. aIncludes bibliographical references and index. 0aPharmacognosy. 0aMateria medica, Vegetable. 0aPlants, Medicinal. 0aPhytotherapy.1 aHeinrich, Michael,d1957 July 4- cBBk615.321H469 c1621d1621 00102ddc40708 aMAINbMAINc1STd2006-11-19epurchaseg265.00l3m12o615.321 FUNp000002720q2020-12-16r2020-11-21 00:00:00s2020-11-21v331.25yBB